01360nam a2200337 i 4500001000700000003000800007005001700015006001900032007001500051008004100066035002200107040003100129050002200160080001200182082001600194245010500210264006900315300004100384336003100425337003300456338004300489588008300532590016200615650002200777650005300799655002700852700004300879797001800922856006300940999001901003124908FINmELB20241217175750.0m o u cr cn|||||||||241121s2024 txu o 000 0 spa  a(OCoLC)1472950918 aFINmELBbspaerdacFINmELB14aHV6556bJ899 2024 a343.54104a364.15322300aRevictimización causal del silencio en delitos sexuales /cSandy Elisa Jativa Aguirre [y otros 4]. 1aAmarillo, Texas :bEditorial Tecnocientífica Americana,c2024. a1 recurso en línea (111 páginas) atextobtxt2rdacontent/spa acomputadorabc2rdamedia/spa arecurso en líneabcr2rdacarrier/spa aDescripción basada en metadatos suministrados por el editor y otras fuentes. aRecurso electrónico. Santa Fe, Arg.: elibro, 2024. Disponible vía World Wide Web. El acceso puede estar limitado para las bibliotecas afiliadas a elibro. 4aDelitos sexuales. 4aVíctimas de agresiones sexualesxPsicología. 4aLibros electrónicos.1 aJátiva Aguirre, Sandy Elisa,eautor.2 aelibro, Corp.40uhttps://elibro.net/ereader/politecnicointernacional/274720 c124908d124908